[Event "Bad Woerishofen op"]
[Site "Bad Woerishofen"]
[Date "2001.??.??"]
[Round "2"]
[White "Schramm, Christian"]
[Black "Schuster, Gerhard"]
[Result "1-0"]
[WhiteElo "2349"]
[BlackElo "2154"]
[Annotator "ChessOrg"]
[PlyCount "125"]
[EventDate "1998.03.05"]
[Source "ChessBase"]
[SourceDate "1998.04.29"]

1. e4 {B16: Caro-Kann (Nimzowitsch-Variante)} 1... c6 2. d4 d5 3. Nd2 dxe4 4.
Nxe4 Nf6 5. Nxf6+ gxf6 6. Nf3 Bg4 7. c3 {letzter Buchzug} 7... Qc7 8. Be2 (8.
h3 8... Bh5 $14) 8... Nd7 9. O-O (9. Be3 9... e6 $11) 9... e6 10. h3 h5 (10...
Bf5 11. Re1 $11) 11. Be3 (11. hxg4 $143 11... hxg4 12. Nh4 12... Rxh4 $17)
11... O-O-O 12. Re1 (12. hxg4 hxg4 13. g3 gxf3 14. Bxf3 14... Bd6 $15) 12...
Bh6 13. Bxh6 (13. hxg4 $143 13... hxg4 14. Bxh6 14... Rxh6 $17) 13... Rxh6 14.
Qd2 (14. hxg4 $143 14... hxg4 15. g3 gxf3 16. Bxf3 16... f5 $17) 14... Rdh8 (
14... Rhh8 15. Qe3 $11 (15. hxg4 $143 15... hxg4 16. g3 gxf3 17. Bxf3 17... Rh7
$15)) 15. b3 (15. b4 15... Qd8 $14) 15... f5 (15... R6h7 16. b4 $11 (16. hxg4
hxg4 17. g3 Rh1+ 18. Kg2 gxf3+ 19. Kxf3 19... R1h2 $15)) 16. Ne5 (16. b4 $5 $14
) 16... Nxe5 $11 17. dxe5 Bxe2 18. Rxe2 Rg6 19. Rd1 Rhg8 20. f3 Rd8 21. Qe1 (
21. Qxd8+ Qxd8 22. Rxd8+ 22... Kxd8 $14) 21... Rgg8 22. Red2 Rd5 23. Rxd5 cxd5
24. c4 dxc4 25. Rc1 b5 26. bxc4 Qc5+ 27. Kh1 b4 28. Rb1 a5 (28... Rd8 $5 $16
$142) 29. a3 $18 29... Kc7 30. axb4 axb4 31. Rxb4 Rb8 32. Rxb8 (32. Ra4 $18
$142) 32... Kxb8 $16 33. Qe2 Kc7 (33... Qd4 34. g3 $16) 34. f4 Qd4 (34... h4 $5
$16) 35. Qxh5 $18 35... Qxf4 $2 (35... Qxc4 $142 36. Qg5 36... Kc6 $18) 36.
Qxf7+ Kb8 37. Qe8+ (37. Qxe6 $6 37... Qf1+ 38. Kh2 Qf4+ 39. Kg1 Qe3+ 40. Kf1
Qf4+ 41. Ke2 Qe4+ 42. Kd2 Qxg2+ 43. Kc3 Qxh3+ 44. Kb4 44... Qe3 $18) 37... Kb7
38. Qb5+ (38. Qxe6 $6 38... Qf1+ 39. Kh2 Qf4+ 40. Kg1 Qe3+ 41. Kf1 Qf4+ 42. Ke2
Qe4+ 43. Kd2 Qxg2+ 44. Kc3 Qxh3+ 45. Kb4 Qe3 46. Qd7+ Kb6 47. Qd6+ 47... Kb7
$18) 38... Kc8 39. Qc5+ Kd8 40. Qd6+ Kc8 41. Qxe6+ Kb8 (41... Kd8 42. Qd5+ Ke7
43. c5 Qf1+ 44. Kh2 Qf4+ 45. Kg1 Qe3+ 46. Kf1 $18) 42. Qb6+ (42. Qd5 $5 42...
Qf1+ 43. Kh2 Qf4+ 44. Kg1 Qe3+ 45. Kf1 45... f4 $18) 42... Kc8 43. e6 Qxc4 (
43... Qf1+ 44. Qg1 Qxc4 45. Qe1 $18) 44. Qe3 (44. Qd6 $5 44... Qa4 $18) 44...
f4 45. e7 (45. Qe1 $5 $142 45... f3 46. gxf3 46... Kd8 $18) 45... fxe3 46.
e8=Q+ Kc7 47. Qxe3 Kd7 48. Qe5 Kc6 49. Kh2 Kb7 50. Qg7+ Ka8 (50... Kc6 51. Qg4
Qxg4 52. hxg4 $18) 51. Qg3 (51. Qb2 Qc7+ 52. g3 52... Qb6 $18) 51... Qc5 (51...
Kb7 52. Qd6 $18) 52. h4 Qb5 (52... Kb7 53. Qd3 $18) 53. Qf3+ Ka7 54. Kh3 Qd7+ (
54... Qc4 55. h5 $18) 55. g4 Qd2 (55... Kb6 56. Qf2+ Kb7 57. h5 $18) 56. g5 (
56. Qb3 56... Ka8 $18) 56... Qd7+ 57. Kg2 Kb8 (57... Kb6 58. h5 $18) 58. Kg3
Qc7+ (58... Kc7 59. g6 Qe7 60. Qf7 $18) 59. Qf4 Ka8 60. g6 (60. Qxc7 $6 $11)
60... Qe7 61. Qf3+ (61. h5 $5 61... Qe1+ 62. Kg4 Qe6+ 63. Kg5 Qd5+ 64. Kh6
64... Qc6 $18) 61... Kb8 62. Qb3+ Kc8 63. Qg8+ (63. Qg8+ Kd7 64. Qh7 $18) 1-0

[Event "Bad Woerishofen op"]
[Site "Bad Woerishofen"]
[Date "2001.??.??"]
[Round "4"]
[White "Schramm, Christian"]
[Black "Bartels, Holger"]
[Result "1-0"]
[WhiteElo "2349"]
[BlackElo "2176"]
[Annotator "ChessOrg"]
[PlyCount "43"]
[EventDate "1998.03.05"]
[Source "ChessBase"]
[SourceDate "1998.04.29"]

1. e4 {B30: Sizilianisch (Rossolimo-Variante)} 1... c5 2. Nf3 Nc6 3. Bb5 e6 4.
Bxc6 bxc6 5. O-O d5 6. d3 Nf6 7. e5 Nd7 8. Re1 {letzter Buchzug} 8... Be7 9.
Nbd2 O-O 10. Nf1 Ba6 11. Qe2 c4 12. d4 Qb6 13. c3 Rab8 14. Rb1 c5 15. Be3 cxd4
16. Bxd4 (16. cxd4 $2 16... c3 17. bxc3 Bxe2 18. Rxb6 Nxb6 19. Rxe2 19... Rfc8
$19) 16... Bc5 17. Qe3 Qc7 18. Ng3 Rb6 19. Nh5 Bxd4 20. Qg5 (20. cxd4 $143
20... Rfb8 $11) 20... g6 21. Qh6 (21. Nxd4 $6 21... Rfb8 22. Nf6+ Nxf6 23. exf6
23... Qd6 $11 (23... Rxb2 $4 24. Qh6 Qxh2+ 25. Kxh2 Rxb1 26. Qg7#)) 21... Bxe5
22. Ng5 (22. Ng5 Bxh2+ 23. Kh1 gxh5 24. Qxh7#) 1-0

[Event "Bad Woerishofen op"]
[Site "Bad Woerishofen"]
[Date "2001.??.??"]
[Round "6"]
[White "Schramm, Christian"]
[Black "Varga, Zoltan"]
[Result "1/2-1/2"]
[WhiteElo "2349"]
[BlackElo "2519"]
[Annotator "ChessOrg"]
[PlyCount "69"]
[EventDate "1998.03.05"]
[Source "ChessBase"]
[SourceDate "1998.04.29"]

1. e4 {B43: Sizilianisch (Paulsen-Variante)} 1... c5 2. Nf3 e6 3. Nc3 a6 4. d4
cxd4 5. Nxd4 Qc7 6. Bd3 b5 7. a3 {letzter Buchzug} 7... Bb7 8. O-O Nf6 9. Qe2
d6 10. Bd2 Nbd7 11. Rae1 g6 12. f4 e5 (12... Bg7 13. e5 dxe5 14. fxe5 $11) 13.
Nf3 $14 13... Bg7 14. Nh4 exf4 15. Bxf4 O-O 16. Qd2 Rfe8 17. Bh6 Bh8 18. Nf5 (
18. Qf4 18... Nc5 $11) 18... Nc5 (18... Ng4 19. Nd5 Bxd5 20. exd5 Rxe1 21. Rxe1
Bxb2 22. Ne7+ Kh8 23. Re2 $19) 19. Qf4 $11 19... Re5 20. Qh4 Rae8 (20... Nxd3
$143 21. cxd3 Rc8 22. Rc1 $14) 21. Ng3 Nh5 (21... Nxd3 $6 22. cxd3 R5e6 23.
Nge2 $11) 22. Nf5 Nf6 (22... R5e6 23. Nd5 Bxd5 24. exd5 Nxd3 25. dxe6 Nxe1 26.
Rxe1 fxe6 27. c3 $17) 23. Ng3 $15 23... Ncd7 24. Re2 Bg7 25. Bxg7 Kxg7 26. Ref2
Qd8 27. Nce2 Rf8 (27... Qb6 28. Qf4 $11) 28. Nd4 $14 28... Qe7 29. Ndf5+ gxf5
30. Nxf5+ Rxf5 31. Rxf5 h6 32. Qg3+ (32. R1f3 32... Rh8 $14 (32... Bxe4 $4 33.
Rg3+ Kh7 34. Rh5 Nxh5 35. Bxe4+ Qxe4 36. Qxe4+ Kh8 37. Qh4 $18)) 32... Kh8 $14
33. Qf4 Kg7 34. Qg3+ Kh8 35. Qf4 1/2-1/2

[Event "Bad Woerishofen op"]
[Site "Bad Woerishofen"]
[Date "2001.??.??"]
[Round "8"]
[White "Schramm, Christian"]
[Black "Becker, Thomas"]
[Result "1-0"]
[WhiteElo "2349"]
[BlackElo "2178"]
[Annotator "ChessOrg"]
[PlyCount "57"]
[EventDate "1998.03.05"]
[Source "ChessBase"]
[SourceDate "1998.04.29"]

1. e4 {B41: Sizilianisch (Paulsen-Variante)} 1... c5 2. Nf3 e6 3. d4 cxd4 4.
Nxd4 a6 5. c4 Nf6 6. Nc3 d6 7. Be2 Be7 8. O-O O-O 9. Nc2 {letzter Buchzug} 9...
b6 10. f4 Nbd7 11. Bf3 Bb7 12. Qe2 Qc7 13. g4 Rac8 14. g5 Ne8 15. Ne3 Qb8 16.
Bd2 Qa8 17. Rae1 Nc7 18. Ng4 Rfe8 19. Qg2 Kh8 20. f5 Ne5 (20... b5 $5 $11) 21.
f6 $14 21... gxf6 22. gxf6 Nxg4 (22... Rg8 $5 $142 23. fxe7 23... f5 $11) 23.
Bxg4 $16 23... Rg8 24. Qh3 (24. fxe7 $142 24... f5 25. Rf4 $16) 24... Bf8 $11
25. Re3 Bh6 26. Qxh6 Rxg4+ 27. Kf2 Rg6 28. Qh4 Ne8 29. Ke1 (29. Ke1 Rxc4 30.
Rh3 Nxf6 31. Rxf6 Rg1+ 32. Rf1 $18) 1-0

[Event "Bad Woerishofen op"]
[Site "?"]
[Date "2001.??.??"]
[Round "1"]
[White "Schuette, Manfred"]
[Black "Mueller, Wolfgang"]
[Result "1-0"]
[WhiteElo "2283"]
[BlackElo "1900"]
[Annotator "ChessOrg"]
[PlyCount "97"]
[EventDate "2000.??.??"]

1. c4 {A16: Englische Eroeffnung} 1... c6 2. Nc3 Nf6 3. e4 d6 4. d4 g6 5. Nf3
Bg7 6. Be2 6... Bg4 {letzter Buchzug} 7. O-O O-O 8. Be3 Nbd7 9. Ne1 Bxe2 10.
Qxe2 a5 11. Nc2 b5 12. cxb5 cxb5 13. f3 (13. Qxb5 $5 13... Rb8 14. Qd3 $14)
13... b4 $11 14. Na4 Qb8 15. d5 Ne8 (15... e6 16. dxe6 fxe6 17. Nd4 $11) 16.
Nd4 $14 16... Bxd4 17. Bxd4 Nc7 18. Rfc1 Qb5 19. Qd1 Rac8 20. Rc6 Na6 (20...
Na8 21. Rac1 Rxc6 22. Rxc6 $14 (22. dxc6 $143 22... Nb8 $15)) 21. Rac1 Nac5 22.
Nxc5 dxc5 23. Qf1 Qxf1+ (23... Qa4 24. Bxc5 Nxc5 25. R1xc5 Rxc6 26. dxc6 Qxa2
27. Qc1 $16) 24. Kxf1 Rxc6 (24... Rfe8 $5 $16) 25. dxc6 $18 25... Nb8 26. Rxc5
Rc8 27. c7 Nd7 28. Rxa5 Rxc7 29. Ra7 (29. Ra8+ 29... Nf8 $18) 29... Rxa7 30.
Bxa7 Ne5 (30... f5 31. exf5 gxf5 32. Be3 $18) 31. Ke2 Kf8 32. Bc5 Nc6 33. Kd3
Ke8 34. Kc4 Ne5+ 35. Kb5 Nd3 36. b3 (36. Bxb4 Nxb2 37. a4 37... Kd7 $18) 36...
Ne1 37. Bxb4 Nxg2 38. Kc6 Nh4 39. a4 Nxf3 40. a5 40... Ne5+ $4 (40... Nd4+ 41.
Kb6 41... Kd7 $18) 41. Kb7 (41. Kc7 $142 41... Nd3 42. a6 Nxb4 43. a7 $18)
41... Kd7 42. a6 Nc6 43. Bxe7 $3 43... f5 (43... Nxe7 44. a7 $18) 44. exf5 gxf5
45. Bc5 Nd8+ 46. Kb6 Nc6 (46... Ne6 47. a7 47... Nc7 $18) 47. b4 f4 48. b5 Ne5
49. a7 (49. a7 Ke6 50. a8=Q Nd7+ 51. Kc6 Ne5+ 52. Kc7 $18) 1-0

[Event "Bad Woerishofen op"]
[Site "Bad Woerishofen"]
[Date "2001.??.??"]
[Round "3"]
[White "Schuette, Manfred"]
[Black "Kalinitschev, Sergej"]
[Result "1/2-1/2"]
[WhiteElo "2283"]
[BlackElo "2495"]
[Annotator "ChessOrg"]
[PlyCount "120"]
[EventDate "1998.03.05"]
[Source "ChessBase"]
[SourceDate "1998.04.29"]

1. c4 {A21: Englische Eroeffnung} 1... e5 2. Nc3 Bb4 3. Qc2 Nf6 4. Nf3 Nc6 5.
e3 Bxc3 6. Qxc3 6... e4 {letzter Buchzug} 7. Nd4 O-O (7... Nxd4 8. exd4 d5 9.
d3 $11) 8. Be2 d6 9. Nxc6 bxc6 10. h3 Nd7 11. O-O Ne5 12. f4 exf3 13. Bxf3 Qh4
14. d4 Nxf3+ 15. Rxf3 Be6 16. Bd2 d5 17. cxd5 Bxd5 18. Rf4 Qe7 19. Qc5 Qe6 20.
e4 (20. Raf1 $5 $11) 20... Bxe4 $15 21. Qe5 Qxe5 22. dxe5 Bd5 23. Ra4 a6 24.
Bc3 Rfe8 25. Rf1 Re6 26. Rff4 Rg6 27. Rg4 Rxg4 28. Rxg4 h5 29. Ra4 Kf8 30. a3
Ke7 31. Kf2 Ke6 32. g3 c5 33. Rh4 g6 34. Rf4 Kd7 35. h4 Kc6 36. Ke3 Be6 37. Rf2
c4 38. Rd2 Rb8 39. Rd4 Bd5 40. Kf4 Re8 41. Rd2 Rb8 (41... Be6 42. Kg5 $15) 42.
Rd4 a5 43. Rd2 a4 44. Rd4 Rb5 45. Rd2 Kd7 46. Ke3 Ke7 47. Rd1 Ke6 48. Rf1 Ke7 (
48... Kd7 49. Rd1 $15) 49. Rd1 Bg2 50. Kf4 Bh3 51. Bb4+ Ke8 52. Bc3 Bf5 53. Rd2
Bd3 54. g4 hxg4 55. Kxg4 Ke7 56. Kf4 Ke6 57. Rh2 Rb8 58. h5 gxh5 59. Rxh5 Rd8
60. Rh6+ Bg6 1/2-1/2

[Event "Bad Woerishofen op"]
[Site "Bad Woerishofen"]
[Date "2001.??.??"]
[Round "5"]
[White "Schuette, Manfred"]
[Black "Eisenbeis, Norman"]
[Result "1-0"]
[WhiteElo "2283"]
[BlackElo "2162"]
[Annotator "ChessOrg"]
[PlyCount "81"]
[EventDate "1998.03.05"]
[Source "ChessBase"]
[SourceDate "1998.04.29"]

1. c4 {E63: Koenigsindisch (6...Sc6)} 1... Nf6 2. Nc3 g6 3. g3 Bg7 4. Bg2 O-O
5. d4 d6 6. Nf3 Nc6 7. O-O a6 8. h3 Rb8 9. Be3 9... e5 {letzter Buchzug} 10.
dxe5 dxe5 11. Qxd8 Rxd8 12. Rfd1 Be6 13. Ng5 Bxc4 14. b3 Be6 15. Nxe6 fxe6 16.
Bxc6 bxc6 17. Bg5 Rxd1+ (17... h6 18. Bxf6 Bxf6 19. Rxd8+ Rxd8 20. Ne4 $11) 18.
Rxd1 $11 18... Nd5 19. Rc1 h6 20. Bd2 Rd8 (20... Nxc3 $5 21. Bxc3 21... Rb5 $11
) 21. Ne4 $16 21... Ne7 22. Bb4 Nf5 23. e3 Rb8 24. Ba5 Ne7 25. Bxc7 Rc8 26. Ba5
Rb8 27. Rc4 Kf7 28. Bc7 Ra8 29. Bd6 Rc8 30. Bc5 Kf8 (30... Rd8 31. Bxe7 Kxe7
32. Rxc6 $18) 31. Kf1 (31. Rb4 31... h5 $18) 31... Bh8 (31... Rd8 32. Bxe7+
Kxe7 33. Rxc6 $18) 32. Ke2 (32. Rb4 a5 33. Rb7 33... Re8 $18) 32... Bg7 $2 (
32... h5 33. Rb4 $18) 33. Kd3 (33. Rb4 $18 $142) 33... Rd8+ 34. Kc2 Rc8 (34...
Ra8 35. f3 $18) 35. Kc3 (35. Rb4 35... Bh8 $18) 35... Bh8 (35... a5 36. b4 $18)
36. Kb4 a5+ 37. Ka4 Rb8 38. a3 Rb5 (38... Ra8 39. Bxe7+ Kxe7 40. Rxc6 $18) 39.
Bxe7+ Kxe7 40. Rxc6 Rd5 41. Rc7+ (41. Rc7+ Rd7 42. Rxd7+ Kxd7 43. Kxa5 $18) 1-0

[Event "Bad Woerishofen op"]
[Site "Bad Woerishofen"]
[Date "2001.??.??"]
[Round "7"]
[White "Schuette, Manfred"]
[Black "Senff, Martin"]
[Result "1/2-1/2"]
[WhiteElo "2283"]
[BlackElo "2443"]
[Annotator "ChessOrg"]
[PlyCount "52"]
[EventDate "1998.03.05"]
[Source "ChessBase"]
[SourceDate "1998.04.29"]

1. c4 {D31: Damengambit (Halbslawisch)} 1... e6 2. Nc3 d5 3. d4 c6 4. cxd5 exd5
5. Nf3 Bd6 6. Bg5 6... Qb6 {letzter Buchzug} 7. Qc2 f6 8. Bd2 Ne7 9. e3 Bf5 10.
Bd3 Bxd3 11. Qxd3 Qa6 12. Qxa6 Nxa6 13. Ke2 h5 (13... O-O 14. e4 $11) 14. Rab1
Kd7 15. Na4 b5 16. Nc3 g5 17. h3 Rae8 18. Ne1 Nf5 19. Nc2 g4 20. hxg4 hxg4 21.
g3 (21. Rxh8 Rxh8 22. e4 dxe4 23. Nxe4 23... Be7 $11) 21... Be7 22. e4 (22.
Rxh8 Rxh8 23. e4 dxe4 24. Nxe4 24... Nc7 $15) 22... dxe4 (22... Rxh1 23. Rxh1
Nb4 24. Nxb4 Bxb4 25. Rh7+ Kc8 26. Rxa7 Bxc3 27. Bxc3 Rxe4+ 28. Kd1 Nxd4 29.
Rf7 $17) 23. Nxe4 $11 23... Nc7 24. Kd3 (24. Rxh8 Rxh8 25. Bb4 Nd5 26. Bxe7
26... Kxe7 $11) 24... Nd5 $15 25. Rbe1 Bd6 26. Nc3 Nfe7 1/2-1/2

[Event "Bad Woerishofen op"]
[Site "Bad Woerishofen"]
[Date "2001.??.??"]
[Round "8"]
[White "Schuette, Manfred"]
[Black "Martinovic, Slobodan"]
[Result "0-1"]
[WhiteElo "2283"]
[BlackElo "2428"]
[Annotator "ChessOrg"]
[PlyCount "44"]
[EventDate "1998.03.05"]
[Source "ChessBase"]
[SourceDate "1998.04.29"]

1. c4 {E62: Koenigsindisch (6...Sc6)} 1... Nf6 2. Nc3 g6 3. g3 Bg7 4. Bg2 O-O
5. d4 d6 6. Nf3 c6 7. O-O Qa5 8. h3 e5 9. e4 exd4 10. Nxd4 Qc5 11. Be3 {
letzter Buchzug} 11... Qxc4 12. Re1 Qb4 (12... Re8 $5 $15) 13. Nc2 $11 13...
Qa5 14. Qxd6 Rd8 15. Qe7 Re8 16. Qa3 Qxa3 17. Nxa3 Be6 18. f4 Na6 19. g4 Nb4
20. Bf1 b5 21. Rad1 (21. Bd4 $5 $14 $142) 21... Nxa2 $17 22. Bd4 Nb4 (22... Nb4
23. Bg2 23... Rad8 $17) (22... b4 23. Nxa2 bxa3 24. e5 $17) 0-1

[Event "Bad Woerishofen op"]
[Site "?"]
[Date "2001.??.??"]
[Round "1"]
[White "Schuster, Gerhard"]
[Black "Bretscher, Robert"]
[Result "1-0"]
[WhiteElo "2154"]
[BlackElo "1694"]
[Annotator "ChessOrg"]
[PlyCount "42"]
[EventDate "2000.??.??"]

1. e4 {C92: Spanische Partie (Tschigorin-Variante)} 1... e5 2. Nf3 Nc6 3. Bb5
a6 4. Ba4 Nf6 5. O-O b5 6. Bb3 Be7 7. Re1 d6 8. c3 O-O 9. h3 Bb7 10. d4 exd4
11. cxd4 11... Na5 {letzter Buchzug} 12. Bc2 Nc4 13. b3 Nb6 14. Bb2 d5 15. e5
Nh5 16. Nc3 Nf4 17. Ne2 Nxe2+ 18. Rxe2 Re8 (18... Qd7 19. Qd3 g6 20. Rae1 $14)
19. e6 $16 19... fxe6 20. Qd3 (20. Qb1 $142 20... Bd6 21. Bxh7+ Kh8 22. Qg6 $16
) 20... h6 $4 (20... g6 $142 21. Ne5 Bf6 22. Nxg6 22... Qd6 $16) 21. Qh7+ Kf8
1-0

[Event "Bad Woerishofen op"]
[Site "Bad Woerishofen"]
[Date "2001.??.??"]
[Round "3"]
[White "Schuster, Gerhard"]
[Black "Behlert, Stefan"]
[Result "1/2-1/2"]
[WhiteElo "2154"]
[BlackElo "1790"]
[Annotator "ChessOrg"]
[PlyCount "58"]
[EventDate "1998.03.05"]
[Source "ChessBase"]
[SourceDate "1998.04.29"]

1. e4 {C18: Franzoesische Verteidigung (Nimzowitsch-Variante)} 1... e6 2. d4 d5
3. Nc3 Bb4 4. e5 c5 5. a3 Bxc3+ 6. bxc3 Qc7 7. Nf3 b6 8. Bb5+ Bd7 9. a4 Ne7 10.
O-O 10... O-O {letzter Buchzug} 11. Re1 Nbc6 (11... Bxb5 12. axb5 a5 13. dxc5
bxc5 14. Bg5 $11) 12. Ba3 Nb8 13. Qd2 Re8 14. Nh4 Bxb5 15. axb5 Nd7 16. f4 (16.
Qd3 16... Rac8 $11) 16... Nf8 17. g4 cxd4 (17... a6 18. dxc5 bxc5 19. Reb1 $11)
18. cxd4 $14 18... Rac8 19. Rec1 Neg6 20. Ng2 Qd7 21. Rcb1 Ra8 22. h4 Rec8 23.
h5 Ne7 24. Qb4 Rc7 25. Ne3 Re8 26. Kf2 h6 27. Ke2 Nh7 28. Rg1 f6 29. Kd2 (29.
Qb3 29... Kh8 $16) 29... fxe5 $11 1/2-1/2

[Event "Bad Woerishofen op"]
[Site "Bad Woerishofen"]
[Date "2001.??.??"]
[Round "5"]
[White "Schuster, Gerhard"]
[Black "Wachweger, Albrecht"]
[Result "1-0"]
[WhiteElo "2154"]
[BlackElo "1910"]
[Annotator "ChessOrg"]
[PlyCount "81"]
[EventDate "1998.03.05"]
[Source "ChessBase"]
[SourceDate "1998.04.29"]

1. e4 {B51: Sizilianisch (Rossolimo-Variante)} 1... c5 2. Nf3 d6 3. Bb5+ Nc6 4.
O-O 4... a6 {letzter Buchzug} 5. Bxc6+ bxc6 6. b3 e5 7. c3 Bg4 8. d4 (8. h3 $5
8... Be6 9. d4 $11) 8... cxd4 $15 9. cxd4 exd4 10. Qxd4 Bxf3 11. gxf3 Qf6 12.
Qxf6 Nxf6 13. Bg5 Nd7 14. Nd2 f6 15. Be3 Be7 (15... d5 16. Rac1 Bb4 17. Rfd1
$11 (17. Rxc6 $143 17... d4 18. Nc4 dxe3 19. fxe3 Ne5 20. Nxe5 20... fxe5 $17))
16. Rac1 $14 16... c5 17. Nc4 Ne5 18. Nxe5 (18. Rfd1 Nxc4 19. Rxc4 19... Rb8
$14) 18... fxe5 $11 19. f4 exf4 20. Bxf4 O-O 21. Bg3 h5 22. Rcd1 Rad8 23. h4
Rf3 24. Rd5 g6 25. Rfd1 Rff8 (25... Rc8 $5 $16) 26. Bxd6 $18 26... Rd7 27. Bg3
Rxd5 28. exd5 Rd8 29. d6 Kf7 30. Rd5 Bf8 31. Kg2 Rd7 32. Kf3 Ke6 33. Rxc5 Bxd6
34. Rc6 a5 35. Ra6 Ke7 36. Bxd6+ Rxd6 37. Rxd6 Kxd6 38. Kf4 Kc5 39. Kg5 Kb4 40.
Kxg6 Ka3 41. f4 (41. f4 Kxa2 42. f5 $18) 1-0

[Event "Bad Woerishofen op"]
[Site "Bad Woerishofen"]
[Date "2001.??.??"]
[Round "7"]
[White "Schuster, Gerhard"]
[Black "Martino-Gross, Peter"]
[Result "1-0"]
[WhiteElo "2154"]
[BlackElo "1936"]
[Annotator "ChessOrg"]
[PlyCount "57"]
[EventDate "1998.03.05"]
[Source "ChessBase"]
[SourceDate "1998.04.29"]

1. e4 {C18: Franzoesische Verteidigung (Nimzowitsch-Variante)} 1... e6 2. d4 d5
3. Nc3 Bb4 4. e5 c5 5. a3 Bxc3+ 6. bxc3 Qc7 7. Nf3 b6 8. Bb5+ Bd7 9. a4 {
letzter Buchzug} 9... a6 10. Bd3 f5 11. O-O Ne7 12. Ng5 O-O 13. f4 h6 14. Nf3
Be8 15. g4 (15. c4 $11 $142) 15... fxg4 $19 16. Nh4 cxd4 (16... h5 17. Ba3 Nbc6
18. Rb1 $17) 17. Qxg4 Bf7 (17... dxc3 $5 $142 18. Qxe6+ 18... Bf7 $17) 18. Kh1
Kh8 19. Rg1 Rg8 20. cxd4 Nbc6 21. f5 exf5 22. Nxf5 Be6 (22... Bg6 $142 23. Nxe7
Bxd3 24. Nxd5 Qb7 25. cxd3 25... Ne7 $16) 23. Nxh6 $1 $18 23... gxh6 24. Qxe6
Rxg1+ 25. Kxg1 25... Rg8+ $4 (25... Ng8 26. c3 (26. Qxd5 $143 26... Rd8 27. Qf3
27... Rxd4 $16) (26. Bxh6 $143 26... Nxd4 27. Qh3 Nxh6 28. Qxh6+ 28... Kg8 $18)
26... Nd8 27. Qg6 $18) 26. Kf2 (26. Kh1 $142 26... Nf5 27. Be3 Nce7 28. Qf6+
28... Rg7 $18) 26... Ng6 (26... Rf8+ 27. Kg2 Ng8 28. c3 $18) 27. Bxg6 Nxd4 (
27... Rf8+ 28. Kg2 Nxd4 29. Qd6 $18) 28. Qf6+ Qg7 29. Qxg7+ (29. Qxg7+ Kxg7 30.
Bd3 $18) 1-0

[Event "Bad Woerishofen op"]
[Site "Bad Woerishofen"]
[Date "2001.??.??"]
[Round "9"]
[White "Schuster, Gerhard"]
[Black "von Saldern, Ruediger"]
[Result "1-0"]
[WhiteElo "2154"]
[BlackElo "2148"]
[Annotator "ChessOrg"]
[PlyCount "75"]
[EventDate "1998.03.05"]
[Source "ChessBase"]
[SourceDate "1998.04.29"]

1. e4 {
C97: Spanische Partie (Abweichungen vom Tschigorin-System/Panow-Variante)} 1...
e5 2. Nf3 Nc6 3. Bb5 a6 4. Ba4 Nf6 5. O-O b5 6. Bb3 Be7 7. Re1 O-O 8. c3 d6 9.
h3 Na5 10. Bc2 c5 11. d4 Qc7 12. Nbd2 Bd7 13. dxe5 dxe5 14. Nf1 Rad8 15. Qe2
15... h6 {letzter Buchzug} 16. Ng3 Rfe8 17. Nh4 c4 18. Nhf5 Bf8 19. Nh5 Qc6 20.
Qf3 Nxh5 21. Qxh5 Qg6 (21... Nb7 22. Ng3 $15) 22. Qxg6 fxg6 23. Nh4 g5 24. Nf5
Nb7 25. b4 cxb3 26. axb3 b4 27. c4 Nc5 28. Be3 Bc8 29. Ra5 Nd7 30. Rd1 Re6 31.
Rad5 Kf7 32. c5 Ke8 33. R1d2 Rc6 34. Bd1 34... Bxc5 $4 (34... g6 $142 35. Nd6+
Bxd6 36. Rxd6 Rxd6 37. cxd6 37... Bb7 $14) 35. Bxc5 $18 35... Rxc5 (35... Kf7
36. Bxb4 Re8 37. Rxd7+ Bxd7 38. Rxd7+ Ke6 39. Ra7 $18) 36. Bh5+ Kf8 37. Rxc5
Bb7 38. Rxe5 $1 (38. Rxe5 Kg8 39. Re7 Bxe4 40. Rxe4 $18) 1-0

[Event "Bad Woerishofen op"]
[Site "Bad Woerishofen"]
[Date "2001.??.??"]
[Round "2"]
[White "Schwab, Rolf"]
[Black "Antoniacci, Riccardo"]
[Result "1/2-1/2"]
[WhiteElo "1800"]
[BlackElo "2052"]
[Annotator "ChessOrg"]
[PlyCount "129"]
[EventDate "1998.03.05"]
[Source "ChessBase"]
[SourceDate "1998.04.29"]

1. e4 {B23: Sizilianisch (Geschlossenes System)} 1... c5 2. Nc3 Nc6 3. d3 g6 4.
h4 {letzter Buchzug} 4... h5 5. Bg5 Bg7 6. Rb1 Nf6 7. Nh3 Nd4 8. f3 b5 9. a3 a5
10. Ne2 Ne6 11. Be3 d5 12. e5 Ng8 13. f4 (13. d4 $5 $11) 13... d4 $15 14. Bf2
Nh6 15. b4 axb4 (15... cxb4 $5 $142 16. axb4 16... Ng4 $17) 16. axb4 $11 16...
cxb4 17. Rxb4 Qa5 18. Qd2 Nf5 19. Rb1 (19. Bxd4 $4 19... Nexd4 (19... Nfxd4
$143 20. Rb2 $19) 20. Kd1 Qa1+ 21. Qc1 21... Nxc2 $19) 19... Bb7 (19... O-O $5
$15) 20. Qxa5 Rxa5 21. Ng5 O-O 22. Nxe6 fxe6 23. Rg1 Rc8 24. Kd2 Ra2 25. Rc1 (
25. Nxd4 Bh6 26. g3 Nxd4 27. Bxd4 Rcxc2+ 28. Ke3 28... Bc6 $11) 25... b4 $11
26. Bxd4 b3 (26... Nxd4 $143 27. Nxd4 Bd5 28. Ke3 $16) 27. Bc3 Nxh4 28. Nd4 (
28. Kd1 $5 $11) 28... Bd5 $17 29. g3 Nf5 30. Nxf5 exf5 (30... gxf5 $6 31. Be2
$11) 31. Bg2 Bf7 (31... Bxg2 $5 32. Rxg2 32... e6 $19) 32. d4 e6 33. Kd3 $2 (
33. Bb7 $5 $142 33... Rb8 34. Bf3 $17) 33... b2 $19 34. Bxb2 Rxb2 35. c4 Rb3+
36. Rc3 Rxc3+ 37. Kxc3 Bf8 38. Rd1 Be7 39. Kd3 Kf8 40. d5 exd5 41. cxd5 Bc5 42.
Rc1 Ke7 (42... Be8 43. Ke2 $19) 43. d6+ Kd8 44. Bb7 Rb8 45. Ba6 (45. Rxc5 Rxb7
46. Ra5 46... Kd7 $19) 45... Bb6 (45... Bf2 46. Rc7 Bd5 47. Rh7 Rb3+ 48. Kc2
Bxg3 49. Rh8+ Kd7 50. Bc8+ Kc6 51. d7 $17) 46. Rc6 (46. Rb1 Bd5 47. Rb5 Be4+
48. Ke2 48... Kd7 $19) 46... Bd5 47. Rc1 (47. Rc3 Be4+ 48. Ke2 48... Ba5 $19)
47... Ra8 48. Bc4 (48. Bb5 Ra3+ 49. Rc3 Rxc3+ 50. Kxc3 50... Bf2 $19) 48... Rc8
49. Bxd5 Rxc1 50. Kd2 Rc5 51. Bf7 Ba5+ (51... g5 $5 $142 52. Ke2 Kd7 53. Bxh5
$19) 52. Ke3 Kd7 (52... Rc3+ 53. Kf2 Bb6+ 54. Kg2 $19) 53. Bxg6 Ke6 54. Bxh5
Rc3+ 55. Kf2 Bb6+ 56. Kg2 Rc2+ 57. Kh3 Bg1 58. g4 Rc3+ 59. Kh4 Bb6 60. gxf5+ $2
(60. Kg5 $142 60... Rg3 61. Kh4 $19) 60... Kxf5 61. Bg4+ Kxf4 62. e6 Bc5 (62...
Rg3 63. e7 63... Re3 $11) 63. e7 $11 63... Re3 64. Bd7 Re1 65. e8=Q 1/2-1/2